[Event "cannes B"]
[Site ""]
[Date "2007.02.21"]
[Round "5"]
[White "De Barros Frédéric"]
[Black "Foisor Mihaela,Veronika"]
[Result "1-0"]
[WhiteElo "2063"]
[BlackElo "1973"]
[Annotator ",Fred"]
[Source ""]
[Remark ""]

1.d4 {%05Cette partie a eu lieu à la ronde 5, la deuxieme partie de la journée à double
ronde. J'ai quand même eu le temps de regarder la base avant la partie. Mon
appariement était guerre plaisant puisque mon adversaire est la cadette de la
famille foisor et que à 12 ans le classement Elo n'a pas énormement
d'importance. J'ai quand même la chance d'avoir les blancs.}
e6 2.e4 {Mon adversaire joue la sicilienne sur 1)e4 mais sur 1)d4 elle joue 1)...e6 pour
continuer par 2)...f5 et elle a l'habitude de jouer la variante rubinstein de
la française quand les blancs jouent 2)e4. Je m'étais donc bien préparer contre
la rubinstein qui était plus à mon goût que la sicilienne ou le stownwall. Mon
adversaire a décidé de dévier dés le 2eme coup de ma préparation...}
c5 3.d5 exd5 4.exd5 d6 5.Nf3 Nf6 6.Be2 Be7 7.O-O O-O 8.Nc3 {!?}
( 8.h3 {!?} ) b6 {?!} ( 8...Bg4 {!?} ) 9.Nd2 Bb7 10.Bf3 Na6 11.Nc4
Nc7 12.Bf4 {!} Qd7 ( 12...b5 {?} 13.Na5 Rb8 14.Nxb7
( 14.Re1 Ba8 15.Nc6 Bxc6 16.dxc6 Re8 17.a4 bxa4 18.Rxa4 a6 19.b3
Rb4 20.Rxb4 cxb4 21.Ne4 Nxe4 22.Bxe4 $16 ) Rxb7 $14 ) 13.Re1
Rad8 {?!} {D'après moi cette tour doit rester sur l'aile dame pour soutenir la poussée b5.}
( 13...Rfe8 {!?} ) 14.a4 Rfe8 15.Ne3 ( 15.Rb1 {?} Qf5 ) a6 {?}
{Mon adversaire n'a pas vu le plan des blancs. Tb8 donnais plus de mal aux blancs}
( 15...Rb8 $14 ) 16.g4 {!} {
 Ce coup est basé sur le manque d'espace de la dame aprés g5 et Fg4. Les blancs
prennent l'initiative à l'aile roi profitant de l'éloignement du Fb7 et du Cc7}
{%09DB} h6 17.h4 Nh7 {?!} ( 17...Rb8 {!?} 18.g5 {!?}
( 18.Qd2 {!?} b5 19.axb5 axb5 20.Nf5 {!?} ( 20.Bxh6 {?} gxh6
21.Nf5 Bf8 22.Nxh6+ Bxh6 23.Qxh6 Rxe1+ 24.Rxe1 Nce8 25.Ne4
( 25.Qg5+ Kh8 26.Qh6+ Nh7 27.Ne4 Qe7 28.Re3 Qf8 29.Qxf8+ Nxf8
30.Ng5 f6 31.Nf7+ Kg7 ) Nxe4 26.Bxe4 f6 27.Bf5 Qg7 28.Be6+ Kf8 )
b4 21.Ne4 Nxe4 22.Bxe4 Bf6 23.Nxd6 Qxg4+ 24.Bg3 Bxh4 25.Nxe8
Bxg3 26.fxg3 Rxe8 27.Qf4 Qxf4 28.gxf4 Bxd5 29.Bxd5 Rxe1+ 30.Rxe1
Nxd5 31.Re8+ Kh7 32.f5 h5 ( 32...Nb6 33.Re5 Nc4 34.Rxc5 Nxb2
35.Rb5 Nd1 36.Rxb4 Ne3 37.c4 Nxf5 38.c5 Ne7 39.Rb7 Nc6 40.Rxf7
Kg6 41.Rc7 Ne5 42.c6 Kf5 43.Rc8 Ke6 44.Re8+ Kd6 45.Rxe5 ) 33.Re5
Nf4 34.Rxc5 $18 ) hxg5 19.hxg5 Nh7 20.Ne4 ( 20.g6 fxg6 21.Nc4
Ba8 22.Bg4 Qd8 23.Qd3 ) Qd8 21.Nf5 Bxg5 22.Bxd6 Bc8 23.Neg3 Bd7
24.Rxe8+ Bxe8 25.Qe2 g6 26.Ne7+ Bxe7 27.Bxe7 Qc8 28.c4 Qd7 29.Qe5
Rc8 30.Kh2 a5 31.Nh5 gxh5 32.Rg1+ $18 ) 18.g5 Ra8 19.Bg4 Qd8
20.gxh6 Bxh4 ( 20...gxh6 {?} 21.Nf5 Bxh4 ( 21...Bf8 22.Rxe8
( 22.Qf3 {!?} Bc8 ) ( 22.Qd3 {!?} ) Nxe8 23.Bxh6 Ng7 24.Bxg7
Bxg7 25.Qf3 Be5 26.Bh5 Nf6 {??} ( 26...Qf8 27.a5 {!!} b5
( 27...Nf6 28.axb6 Bxc3 29.bxc3 Bxd5 30.Qg3+ Kh7 31.Bf3 $18 Qg8
32.b7 Rb8 33.Bxd5 Nxd5 34.Nxd6 Qxg3+ 35.fxg3 Nc7 36.Ra5 Ne8 37.Nxe8
Rxe8 38.Rxa6 Re1+ 39.Kf2 Rb1 40.Ra7 $18 ) 28.Bxf7+ Kxf7 29.Nxd6+
Kg8 30.Qxf8+ Kxf8 31.Nxb7 ) 27.Qg2+ $18 ) 22.Nxh6+ Kf8 23.Qf3
Rxe1+ 24.Rxe1 Nf6 25.Nf5 Ncxd5 $18 ( 25...Bxd5 {??} 26.Nxd5 Ncxd5
27.Bh6+ Kg8 28.Nxh4 ) ( 25...Nxg4 26.Qxg4 $18 ) 26.Bh6+ Kg8 27.Nxh4
$18 ) 21.hxg7 Bf6 {?!} ( 21...Bg5 {!?} 22.Qf3 Ne6 23.Bxg5
( 23.Bxe6 {?!} fxe6 ) Nhxg5 24.Qg3 Nd4 25.f4 Nh7 26.Bf5 Nf6 27.Bd3
$18 ) 22.Bf5 Bxg7 {%08DA} 23.Qd3 {?} ( 23.Qh5 {!?} {Je ne voulais pas donner de tempo sur ma dame. Pourtant aussi bien 24)Dh4 que 24)Dh2 garantissent un avantage claire.}
Nf6 24.Qh2 {!} ( 24.Qh4 b5 25.Bg5 Re5 26.Rad1 Nce8 27.f4 {!} )
Bc8 25.Bxd6 Bxf5 26.Nxf5 Rxe1+ 27.Rxe1 Nce8 28.Qg2 Nh5 29.Be7
Qb8 30.Qg4 $18 ) ( 23.Ne4 {!} Rxe4 24.Bxe4 Ng5 25.Bf5 $18 ) Nf8
{?} ( 23...Ng5 {!?} 24.Ng4 Bc8 {!!} {
 le coup que je n'ai pas vu quand j'ai joué 23)Dd3. Les blancs ont encore
l'avantage mais beaucoup moins que dans les variantes découlant 23) Ce4! ou 23)Dh5!}
25.Bxc8 Qxc8 26.Rxe8+ Nxe8 27.Qg3 Qf5 28.Kg2 $14 ) 24.Ne4 Be5
( 24...Bxb2 25.Rab1 Be5 26.Bxe5 Rxe5 27.Ng4 $18 Ne8
( 27...Rxe4 28.Nh6+ Kg7 29.Rxe4 Kxh6 30.Rg4 ) 28.Qg3 {!} ) 25.Bxe5
$18 Rxe5 26.Ng4 Ne8 27.Nxe5 dxe5 28.Qg3+ Ng7 29.c4 Qe7 30.Ra3
b5 31.axb5 axb5 32.Rxa8 Bxa8 33.Ra1 Bb7 34.Ra7 1-0

[Event "Ouest Toulousain 2007"]
[Site "?"]
[Date "2007.02.25"]
[Round "9.4"]
[White "Cabanes, Kim"]
[Black "Zarrouati, Pierre"]
[Result "0-1"]
[WhiteElo "1854"]
[BlackElo "2154"]
[Annotator ""]
[Source ""]
[Remark ""]

{A la table 4, juste après celles des GMI et des MI qui se disputaient la
première place du tournoi, le tirage a proposé  cette rencontre passionnante
pour tous ceux qui s'intéressent aux échecs en Midi-Pyrénées. Kim Cabannes,
pupille de 11 ans, un des espoirs régionaux (même s'il joue actuellement pour
Montpellier) se voyait opposé  à un des meilleurs joueurs de la Région, le
vétéran (jeune vétéran quand même) Pierre Zarrouati. Dans quel autre sport que
les échecs une rencontre entre un joueur de 11 ans et un autre qui lui rend
presque 50 ans pourrait elle constituer un des sommets de le compétition régionale ?} 1.e4
e5 2.Nf3 Nc6 3.Nc3 a6 4.Bc4 Bc5 5.d3 h6 6.O-O d6 7.Be3 Nd4 {7... Bxe3 est peut-être meilleur, mais la position ainsi obtenue est intéressante et difficile à apprécier ..}
8.h3 {Kim hésite ..., le problème des noirs est leur sous-développement, mais comment
en tirer parti ? les moyens naturels, on va le voir , vont échouer, peut-être
fallait il envisager le sacrifice de pion : 8.b4!? Bxb4 9.Nd5 Bc5 10.c3 Nxf3
11.Qf3  avec l'idée d4 et beaucoup de jeu pour le pion sacrifié ? maintenant
les noirs vont pouvoir jouer encore 5 (!) coups de pions mais le caractère
fermé de la position leur permettra une telle excentricité !}
c6 {Précis, avant toute chose, il ne faut pas laisser la case d5 au cavalier ou au
fou blanc, par exemple 8... b5 9. Bd5 c6 ? 10. Bxd4 les blancs sont mieux}
9.Kh1 b5 10.Bb3 g5 11.Bxd4 exd4 12.Ne2 g4 13.hxg4 Bxg4 {
 Enfin un coup de pièce ! les noirs ne sont pas très développés mais, sans
bouger, leurs pièces sont bien placées !  (la tour en h8 contre le roque blanc,
le roi qui ne craint pas grand-chose en e8 etc ...)} 14.Nh2 h5
15.Qd2 Qf6 16.f3 Bd7 17.Qf4 {?!} {
 Visiblement, Kim ne croit pas en sa position et ne joue pas la suite logique à
base de a4 et de f4, mais cherche à  diminuer la pression en échangeant les
dames, ce coup semble néanmoins douteux, d'un point de vue matériel d'abord, en
faisant disparaitre la paire Q+N blanche et en laissant la paire de fous noirs,
par rapport au développement ensuite où il n'y a plus aucun avantage blanc;
l'idée était quand même d'arréter l'attaque noire mais Pierre va démontrer que,
même après la réduction du matériel, l'attaque noire peut continuer ...}
Qxf4 18.Nxf4 Ne7 19.Rae1 O-O-O 20.c3 d5 21.cxd4 Bxd4 22.exd5
Nf5 {et voilà l'attaque qui recommence !} 23.Ne2 {%08DA} Bb6
{les noirs ne se laissent pas distraire de l'attaque et ne prennent pas le pion b2 ...}
24.dxc6 Bxc6 25.Rc1 Kb7 26.Bxf7 h4 27.Be6 Ng3+ 28.Nxg3 hxg3 29.Bh3
gxh2 30.Kxh2 {
 Là, les noirs sont gagnants, Pierre Zarrouati a mené son attaque avec beaucoup
d'énergie (pour un vétéran !),  pour la fin de partie il fait jouer son
expérience en jouant des coups qui ne sont pas les plus directs mais qui  ne
laissent aucune contre-chance à son jeune adversaire} Rxd3 31.Rcd1
Bc7+ 32.Kg1 Rhd8 33.Rxd3 Rxd3 34.Rc1 Rd2 35.b4 Rxa2 36.Bc8+ Kb6
37.Be6 Rb2 38.Rc3 Bg3 39.Bf5 Rxb4 40.Kf1 Rb2 41.Be4 Be8 42.Rc8
Rf2+ 43.Kg1 Rd2 44.Kf1 Bf7 45.Rc6+ Ka5 46.Rc1 Bc4+ 47.Kg1 b4
48.Ra1+ Kb5 49.Rc1 a5 50.f4 Bxf4 51.g4 Re2 52.Bc6+ Kc5 0-1

[Event "R1 Luchon-EVT1"]
[Site "Luchon"]
[Date "2005.02.06"]
[Round "5.4"]
[White "SAUBIETTE, Cyrille"]
[Black "MIQUEL, Pierre"]
[Result "0-1"]
[WhiteElo "1730"]
[BlackElo "1470"]
[Annotator ""]
[Source ""]
[Remark ""]

1.d4 d5 2.Bg5 Nf6 3.e3 Bf5 4.Bd3 Qc8 5.Bxf6 exf6 6.Nf3 Bd6 7.c4
Bxd3 8.Qxd3 dxc4 9.Qxc4 O-O 10.Nc3 Qe6 11.Qd3 Nd7 12.O-O c6 13.Ne4
Be7 14.Rfc1 Nb6 15.Nc5 Bxc5 16.Rxc5 Rfd8 17.b3 Rd5 18.Rd1 Rad8
19.Qc2 Rxc5 20.dxc5 Rxd1+ 21.Qxd1 Nd7 22.Nd4 Qd5 23.g3 Nxc5 24.Qg4
Qd7 25.Nf5 g6 26.b4 Ne6 27.Nh6+ Kg7 28.Nf5+ Kg8 29.Nh6+ Kf8 30.Qh4
Ng5 31.Qg4 Qxg4 32.Nxg4 Ke7 33.h4 Ne4 34.Kf1 Ke6 35.Ke2 f5 36.Nh2
Kd5 37.f3 Nc3+ 38.Kd3 Nxa2 39.e4+ fxe4+ 40.fxe4+ Kd6 41.Kc4 Nc1
42.Nf3 f6 43.g4 b5+ 44.Kc3 Ne2+ 45.Kd2 Nf4 46.Nd4 Ne6 47.Ke3
Nxd4 48.Kxd4 h6 49.h5 g5 50.e5+ fxe5+ 51.Ke4 Ke6 52.Ke3 Kd5 53.Kd3
e4+ 54.Ke3 Ke5 0-1